01166nam a2200217 a 450000100100000000500170001000800410002704000250006808200220009310000330011524501290014825000110027726000610028830000270034950000420037650000660041895201340048495201880061895201250080699900170093100002785220200930031140.0110405s1925 dr r 000 0 spa d aDO-SdBNPbspacBNPHU axxxxbL791b, 19251 aLlaverías, Federico91015710aBosquejo histórico de la ciudad de la Santo Domingo de los resto de Colón, i del faro a Colón /cFederico Llaverías. a3a ed. aSanto Domingo :bImprenta de J. R. vda. García,c1925. a89 p. :bil. ;c18 cm. aIncluye notas al pie de las páginas aIncluye apéndice Carta de Don Emiliano Tejera : p. [77]-89. 001154708DSaGRbGRcMId2011-07-26iLF1l0oxxxx L791b, 1925p27852-30r2020-06-25te.3w2020-06-25yLFDSZPréstamo en sala 001054708RVaPDbPDcHDd2011-04-05iLF1l0oxxxx L791b, 1925p27852-10r2020-06-25w2020-06-25y4zPerteneció a la biblioteca personal de Julio Ortega Frier.ZPréstamo en sala 001050718RVaPDbPDcHDd2011-07-26iLF1l0oxxxx L791b, 1925p27852-20r2020-06-25te.2w2020-06-25y1ZNo se presta c27344d27344